An Essay on Man : An Introduction to a Philosophy of Human Culture /

Ernst Cassirer (1874-1945), filósofo alemán, expone que el hombre a diferencia del animal utiliza símbolos que le permiten configurar el mundo cultural, de forma tal que la manifestación del espíritu humano se da dentro de ese sistema de símbolos expresado fundamentalmente en el ámbito del lenguaje,...

Ful tanımlama

Kaydedildi:
Detaylı Bibliyografya
Yazar: Cassirer, Ernst (autor)
Materyal Türü: Kitap
Dil:İngilizce
Baskı/Yayın Bilgisi: New Haven, EUA : Yale University, 1944, c1944
Seri Bilgileri:(The Yale Paperbounds ; 52)
Konular:
Etiketler: Etiketle
Etiket eklenmemiş, İlk siz ekleyin!

MARC

LEADER 00000nam^a2200000^a^4500
001 000183689
005 20250521000000.0
009 20260310102048.274
037 |a Acervo ITESO - Biblioteca 
041 |a ING 
082 |a 128.  |b CAS 
100 |a Cassirer, Ernst  |e (autor) 
240 1 1 |a [Antropología filosófica: introducción a una filosofía de la cultura] 
245 1 3 |a An Essay on Man :  |b An Introduction to a Philosophy of Human Culture /  |c E. Cassirer. 
264 4 |a New Haven, EUA :  |b Yale University,  |c 1944, c1944 
300 |a 237 p. 
336 |a texto  |b txt  |2 rdacontenido 
337 |a sin mediación  |b n  |2 rdamedio 
338 |a volumen  |b nc  |2 rdasoporte 
440 5 |a (The Yale Paperbounds ;  |v 52) 
520 |a Ernst Cassirer (1874-1945), filósofo alemán, expone que el hombre a diferencia del animal utiliza símbolos que le permiten configurar el mundo cultural, de forma tal que la manifestación del espíritu humano se da dentro de ese sistema de símbolos expresado fundamentalmente en el ámbito del lenguaje, del mito, la religión, el arte y la ciencia. Desde esta perspectiva indaga sobre la pregunta por el hombre y su relación con la cultura. 
649 |a XX 
650 |a Antropología Filosófica -  |x Tema Principal 
650 |a Antropología Cultural 
650 |a Sociología de la Cultura 
650 |a Filosofía del Siglo XX 
650 |a Filosofía Alemana 
910 |a Fondo General 
920 |a Impresos - Libros 
930 |a Colección General 
905 |a 101 
901 |a 0500124030  |b IT1  |c ACC  |u 20250521 
902 |a https://opac.biblio.iteso.mx/vufind/Record/000183689